| 000 | 00389nam a22001337a 4500 | ||
|---|---|---|---|
| 082 |
_a297 _bMIS |
||
| 100 |
_a Misry, Raza, Rashid, Syed , Allama. _946939 |
||
| 245 |
_aاسلام کی امتیازی خصوصیات _cAllama Syed Rashid Raza Misry |
||
| 250 | _a5th | ||
| 260 |
_aIslamabad _c1999 |
||
| 526 |
_a0 _b0 _c0 _d297_000000000000000_MIS |
||
| 650 |
_aMCE _9379 |
||
| 942 |
_2ddc _cBK |
||
| 999 |
_c550227 _d550227 |
||